000 00592nam a2200145Ia 4500
008 100122s9999 xx 000 0 und d
082 _b62311
_a823.08
100 _aपोंक्षे राजीव
245 _aमहाराष्ट्र पोलीस चातुर्य कथा
260 _bपार्टनर पब्लिकेशन
_c2002
300 _a144
630 _aमहाराष्ट्र पोलीस चातुर्य कथा
730 _aमहाराष्ट्र पोलीस चातुर्य कथा
942 _cBOOK
999 _c436692
_d436689